| 000 | 00797nam a2200229 a 4500 | ||
|---|---|---|---|
| 999 |
_c11096 _d11096 |
||
| 001 | 11096 | ||
| 003 | BD-JhCC | ||
| 005 | 20190729124203.0 | ||
| 008 | 190629b 2016bg |||| ||a| 000 0 ben d | ||
| 020 | _a9789849176633 | ||
| 035 | _a(BD-JhCC)11096 | ||
| 040 |
_aBD-JhCC _dBD-JhCC |
||
| 041 | _aben | ||
| 082 |
_a954.9205 _bKHA 2016 |
||
| 100 | _aখান, হায়দার আলী | ||
| 245 |
_aমুক্তিযুদ্ধের দিন গুলি প্রবাসে আলোর গান / _cহায়দার আলী খান । |
||
| 260 |
_aঢাকা: _bপ্রথমা প্রকাশন; _c২০১৬. |
||
| 300 |
_a১২৭ পৃঃ . : _c২২ সেমি. |
||
| 651 |
_aLibreration war _zBangladesh |
||
| 942 |
_2ddc _cBK |
||